| 000 -LEADER |
| fixed length control field |
01592 a2200325 4500 |
| 003 - CONTROL NUMBER IDENTIFIER |
| control field |
Nust |
| 005 - DATE AND TIME OF LATEST TRANSACTION |
| control field |
20170207154047.0 |
| 020 ## - INTERNATIONAL STANDARD BOOK NUMBER |
| International Standard Book Number |
0-203-87754-8 |
| 020 ## - INTERNATIONAL STANDARD BOOK NUMBER |
| International Standard Book Number |
978-0-203-87754-8 |
| 035 ## - SYSTEM CONTROL NUMBER |
| System control number |
(AU-PeEL)EBL434248 |
| 035 ## - SYSTEM CONTROL NUMBER |
| System control number |
(OCoLC)456105692 |
| 040 ## - CATALOGING SOURCE |
| Transcribing agency |
Nust |
| 082 00 - DEWEY DECIMAL CLASSIFICATION NUMBER |
| Classification number |
330.01 |
| 100 1# - MAIN ENTRY--PERSONAL NAME |
| Personal name |
W. Paul Cockshott, Allin F. Cottrell, Gregory J. Michaelson, Ian P. Wright and Victor M. Yakovenko |
| 245 10 - TITLE STATEMENT |
| Title |
Classical Econophysics (E-Book) |
| Medium |
[Elektronisk resurs]. |
| Statement of responsibility, etc. |
W. Paul Cockshott, Allin F. Cottrell, Gregory J. Michaelson, Ian P. Wright and Victor M. Yakovenko |
| 260 ## - PUBLICATION, DISTRIBUTION, ETC. |
| Place of publication, distribution, etc. |
Hoboken : |
| Name of publisher, distributor, etc. |
Taylor & Francis, |
| Date of publication, distribution, etc. |
2009. |
| 300 ## - PHYSICAL DESCRIPTION |
| Extent |
1 online resource (385 p.) |
| 490 1# - SERIES STATEMENT |
| Series statement |
Routledge Advances in Experimental and Computable Economics, 2 ; |
| Volume/sequential designation |
v.v. 2 |
| 500 ## - GENERAL NOTE |
| General note |
Description based upon print version of record. |
| 505 0# - FORMATTED CONTENTS NOTE |
| Formatted contents note |
Part I Work, Information And Value (Page-5), Part II Exchange, Money And Capital (Page-137), Part III Class Distribution Of Income (Page-261), Part IV Information And Coordination (Page-319). |
| 520 ## - SUMMARY, ETC. |
| Summary, etc. |
This book sets out to address some basic questions drawing from classical political economy and information theory and using an econophysics methodology: What is information? Why is it valuable? What is the relationship between money and information? |
| 650 #4 - SUBJECT ADDED ENTRY--TOPICAL TERM |
| Topical term or geographic name entry element |
Economics. |
| 651 ## - SUBJECT ADDED ENTRY--GEOGRAPHIC NAME |
| Geographic name |
(E-Book) |
| 655 #0 - INDEX TERM--GENRE/FORM |
| Genre/form data or focus term |
Electronic books. |
| 700 1# - ADDED ENTRY--PERSONAL NAME |
| Personal name |
Cockshott, Paul. |
| 700 1# - ADDED ENTRY--PERSONAL NAME |
| Personal name |
Michaelson, Gregory John. |
| 700 1# - ADDED ENTRY--PERSONAL NAME |
| Personal name |
Wright, Ian P. |
| 700 1# - ADDED ENTRY--PERSONAL NAME |
| Personal name |
Yakovenko, Victor. |
| 830 #0 - SERIES ADDED ENTRY--UNIFORM TITLE |
| Uniform title |
Routledge Advances in Experimental and Computable Economics, 2 |
| 942 ## - ADDED ENTRY ELEMENTS (KOHA) |
| Source of classification or shelving scheme |
|
| Koha item type |
Book |